00554nam a2200193 a 450000100060000000300080000600500170001400800410003103500190007204000350009104100080012608200250013424500750015925000160023426000280025030000280027865000330030670000210033966025BD-RjUL20211209081507.0170313s1968 enk 000 0 eng d a(BD-RjUL)66155 aBD-RjULcBD-RjULdBD-RjULbeng aeng 223a032.02bSCH 196814aThe scholar's book of useful information /ccompiled by Sydney H. Lamb a2nd ed. rev aLondon :bHarrap,c1968 a129 p. :bill. ;c20 cm 0aHandbooks, vade-mecums, etc. aLamb, Sydney H.